The American archivist

Bibliographic Details
Main Author: Draškaba, Peter, 1945- (Author)
Format: Article
Language:Slovak
ISSN:0231-6722
Subjects:

MARC

LEADER 00000nab a2200000 a 4500
001 vtls000662606
003 SK-MaSNL
005 20260304094921.0
008 250425c1998 xo 0 slo
015 |a SNBRB1998/06-15892 
035 |a CLN000014794 
035 |a urn:nbn:sk:snk-ab7hhd 
035 |a (urnnbn)urn:nbn:sk:snk:ar-005sso 
035 |a (uuid)ac7632f5-7f90-4fdf-ba58-6951d6ef71c1 
040 |a SNKBUCL  |b slo  |c SNKBUCL  |e AACR2 
041 0 |a slo 
044 |a xo  |c SK 
080 |a 930.25:05(73)  |2 1997 
080 |a 05(73):930.25  |2 1997 
100 1 |a Draškaba, Peter,  |d 1945-  |4 aut  |9 111744 
245 1 4 |a The American archivist  |c Peter Draškaba 
630 0 4 |a The American archivist (časopis)  |y 1995  |x č. 4  |2 snkbucl  |9 95975 
630 0 4 |a The American archivist (časopis)  |y 1996  |x č. 1  |2 snkbucl  |9 1391734 
655 7 |a bibliografické prehľady  |2 snkbucl  |9 534643 
773 0 |t Slovenská archivistika  |g Roč. 33, č. 1 (1998), s. 154-156  |x 0231-6722 
850 |a Slovenská národná knižnica 
852 |a Slovenská národná knižnica 
954 |a odborná, vedecká literatúra pôvodná (slovenská)  |2 lita 
958 |a article7 
958 |a OND 
958 |a US 
958 |a EUIPO 
999 |c 2829663  |d 2831593